Statistics for Pokémon starting with a W (generation 1-7)

Click here to take the quiz!

General Stats

  • This quiz has been taken 4 times
  • The average score is 10 of 23

Answer Stats

GenPokémon% Correct
3Wailmer
100%
3Wailord
100%
1Wartortle
100%
1Weedle
75%
1Weepinbell
75%
3Whiscash
75%
1Weezing
50%
3Whismur
50%
1Wigglytuff
50%
7Wishiwashi
50%
2Wobbuffet
50%
3Wurmple
50%
3Wynaut
50%
3Walrein
25%
5Whirlipede
25%
2Wooper
25%
4Wormadam
25%
5Watchog
0%
4Weavile
0%
5Whimsicott
0%
7Wimpod
0%
3Wingull
0%
5Woobat
0%

Score Distribution

Percentile by Number Answered

Percent of People with Each Score

Your Score History

You have not taken this quiz